| 000 | 00751nam a22001577a 4500 | ||
|---|---|---|---|
| 003 | OSt | ||
| 005 | 20151003133923.0 | ||
| 008 | 151003b xxu||||| |||| 00| 0 eng d | ||
| 040 | _cRUA | ||
| 082 | _aAVM CHU 1996 B073 Or.1 | ||
| 100 |
_91891 _aCHUON SARY |
||
| 245 | _aThe effect of replacing dried cassava leaves meal on the food digestion and digestive tract of peking duck, (ប្រសិទ្ធភាពនៃការជំនួសម្សៅត្រីដោយម្សៅស្លឹកដំឡូងឈើលើលទ្ធភាពនៃការរំលាយអាហារ និងប្រដាប់រំលាយអាហារ) | ||
| 260 |
_aphnom penh _bRUA _c1996 |
||
| 300 |
_aiix, 41p. _bill. _c29cm. |
||
| 942 |
_2ddc _cAVM |
||
| 999 |
_c1784 _d1784 |
||